00690 2200205 4500001002100000005001700021008004100038035002400079082001300103090002400116100003600140245016400176260004600340300002700386650002200413850001500435980001300450985000600463999001500469YOGYA-0209000002735520090227024133.0 ind  0010-020900000027355 a333.7313 a333.7313bInd SlQT aINDONESIA. Departeman Pertanian aSurat Keputusan kepala direktorat penggunaan tanah No. SK/055a/1112/A.13/DPT/76 tentang pedoman penyusunan laporan proyek rehabilitasi ..cDepartemen Pertanian a[s.l.]bDirektorat Penggunaan Tanahc1971 a97 lembarbilusc29 cm aTanah, Penggunaan aYOPDYOG(B) a13-03-07 a1 a06A0015414